000 00924nam a2200217Ia 4500
999 _c37714
_d37714
001 3689
003 GE_BSU
005 20190524180758.0
008 181216s1988||||geo|||||||||||||| ||ge ||
040 _cGE_BSU
041 _ageo
080 _a519.21(072) კ-18
100 _aკალანდარიშვილი,ზ.
_91600
245 _aალბათობის თეორიის ელემენტები : დამხმ.სახელმძღ. /
_cზ. კალანდარიშვილი ; რედ : მ.ძიძიგური.
264 _aთბილისი :
_bსპი,
_c1988.
300 _a82 გვ .:
_c20 სმ.
653 _aალბათობის თეორია
653 _aალბათობის თეორიის ელემენტები
700 _aძიძიგური, მ
_eრედაქტორი
_9472
942 _cBK
_2udc